000 00415nam a2200169Ia 4500
005 20250423101734.0
008 250422s9999 xx 000 0 und d
020 _a0- 02- 821713- 6
050 _aG 126 .B37/
100 _aRichard G. Boehm
245 0 _aWorld geography: a physical and a cultural approach
260 _aNew York
260 _bMcGraw- Hill
260 _c1997
300 _a786 p
942 _cBK
999 _c37132
_d37132